[Event "XXVI Tadeusza Gniota"]
[Site "Police POL"]
[Date "2011.07.06"]
[Round "2.10"]
[White "Chojnacki,K"]
[Black "Hnydiuk,A"]
[Result "0-1"]
[WhiteElo "2437"]
[BlackElo "2432"]

1.d4 d5 2.c4 c6 3.Nf3 Nf6 4.Nbd2 Bf5 5.Qb3 Qc7 6.g3 e6 7.Nh4 Bg4 8.h3 Bh5
9.g4 Bg6 10.Bg2 Be7 11.Nxg6 hxg6 12.e4 dxe4 13.Nxe4 Nxe4 14.Bxe4 Na6 15.Be3 Bb4+
16.Kf1 O-O 17.Kg2 e5 18.Bf3 exd4 19.Bxd4 Bc5 20.Qc3 Bxd4 21.Qxd4 Rfd8 22.Qe3 Re8
23.Qd4 Red8 24.Qe3 Qb6 25.Qxb6 axb6 26.Rhd1 Nc5 27.Rxd8+ Rxd8 28.b4 Ne6 29.Rb1 Rd3
30.Rb3 Nf4+ 31.Kg3 Ne2+ 32.Kg2 Nf4+ 33.Kg3 Ne2+ 34.Kg2 Rxb3 35.axb3 Nd4 36.Bd1 g5
37.Kg3 f6 38.f4 Kf7 39.h4 Ke6 40.hxg5 fxg5 41.fxg5 Ke5 42.b5 Ke4 43.bxc6 bxc6
44.b4 g6 45.Kf2 Kd3 46.Kg3 Ke3 47.Kg2 Kd2 48.Bf3 Nxf3 49.Kxf3 Kd3 50.Kf4 Kd4
51.c5 bxc5 52.bxc5 Kd5 53.Kf3 Kxc5 54.Ke4 Kb4 55.Ke5 c5 56.Kf6 c4 57.Kxg6 c3
58.Kh7 c2 59.g6 c1=Q 60.g7 Qh1+ 61.Kg6 Qe4+ 62.Kf7 Qf4+  0-1

[Event "TCh-TUR 2011"]
[Site "Konya TUR"]
[Date "2011.07.07"]
[Round "11"]
[White "Dzagnidze,N"]
[Black "Gvetadze,Sopi"]
[Result "1-0"]
[WhiteElo "2557"]
[BlackElo "2330"]

1.d4 d5 2.Nf3 Nf6 3.c4 c6 4.Qc2 dxc4 5.Qxc4 Bf5 6.g3 e6 7.Bg2 Nbd7 8.O-O Be7
9.Nc3 O-O 10.Qb3 Qb6 11.Nd2 Bg6 12.Nc4 Qa6 13.Bg5 h6 14.Bh4 Bc2 15.Qxc2 Qxc4
16.Bxf6 Nxf6 17.Rfd1 Rfd8 18.e3 Qa6 19.Na4 Qa5 20.a3 Rac8 21.b4 Qc7 22.Rac1 Qb8
23.Rd2 Nd5 24.Qb3 Rd7 25.Rdc2 Rcd8 26.Nc5 Bxc5 27.Rxc5 Qd6 28.a4 Re7 29.b5 cxb5
30.Rxb5 b6 31.Bxd5 exd5 32.a5 bxa5 33.Rcc5 Red7 34.Rxa5 Qe6 35.Qa2 h5 36.h4 Qe4
37.Rxa7 Rxa7 38.Qxa7 Qb1+ 39.Kg2 Qe4+ 40.Kh2 Qf5 41.Qa2 g6 42.Kg1 Kg7 43.Qc2 Qg4
44.Ra5 Rc8 45.Rc5 Rd8 46.Kf1 Ra8 47.Kg2 Rd8 48.Rc6 Qd7 49.Qc5 Qe8 50.Qc2 Qd7
51.Rb6 Qe7 52.Qe2 Qc7 53.Rb5 Qc6 54.Rc5 Qb7 55.Qf3 Rd6 56.Rc2 Rf6 57.Qd1 Qd7
58.Ra2 Qb7 59.Qd3 Rb6 60.Qe2 Rf6 61.Ra5 Qb1 62.Rc5 Qe4+ 63.Kg1 Rb6 64.Rc1 Rb4
65.Qc2 Rc4 66.Qd2 Ra4 67.Qb2 Qf3 68.Qb8 Ra6 69.Qf4 Qxf4 70.gxf4 Kf6 71.Kg2 Ke6
72.Kf3 Rb6 73.Rg1 Rb8 74.Rg5 Rh8 75.f5+ gxf5 76.Kf4 f6 77.Rxf5 Rh7 78.f3 Rh8
79.e4 dxe4 80.fxe4 Rd8 81.d5+ Kf7 82.Rxh5 Kg6 83.Rf5 Rd6 84.Ke3 Ra6 85.h5+ Kg7
86.Rf3 Ra4 87.Kf4 Rd4 88.Kf5 Kf7 89.Ra3 Kg7 90.Ra7+ Kh6 91.Rf7 Rd1 92.Rxf6+ Kxh5
93.Ke6  1-0

[Event "111th ch-SUI"]
[Site "Leukerbad SUI"]
[Date "2011.07.07"]
[Round "1"]
[White "Tremp,V"]
[Black "Domont,A"]
[Result "0-1"]
[WhiteElo "1999"]
[BlackElo "2377"]

1.d4 d5 2.c4 c6 3.Nf3 dxc4 4.a4 Bg4 5.Nc3 Nd7 6.e4 e5 7.Bxc4 exd4 8.Qxd4 Bxf3
9.gxf3 Ngf6 10.Bg5 Bc5 11.Qd2 Qe7 12.O-O Ne5 13.Be2 Rd8 14.Qc2 Ng6 15.Rad1 Bd6
16.Rxd6 Rxd6 17.f4 h6 18.e5 hxg5 19.exd6 Qxd6 20.Ne4 Qxf4  0-1

[Event "6th Polonia Wroclaw Open A"]
[Site "Wroclaw POL"]
[Date "2011.07.07"]
[Round "5"]
[White "White,J USA"]
[Black "Suliborski,J"]
[Result "1-0"]
[WhiteElo "1925"]
[BlackElo "1967"]

1.d4 d5 2.c4 c6 3.Nf3 Nf6 4.Qc2 g6 5.e3 Bg7 6.Bd3 a6 7.a4 dxc4 8.Bxc4 a5
9.Nc3 O-O 10.O-O Qc7 11.b3 Nbd7 12.Ba3 Nb6 13.Bd3 Re8 14.Rac1 Nfd7 15.Rfd1 e5
16.Nb5 Qd8 17.Nd6 Re6 18.dxe5 Bf8 19.Nxc8 Bxa3 20.Nxb6 Qxb6 21.Ra1 Bb4 22.Bxg6 Nxe5
23.Bxh7+ Kg7 24.Nxe5 Rxe5 25.Rd7 Be7 26.Rad1 Rh8 27.Bd3 Kf8 28.h3 Rg5 29.Kh1 Rh4
30.Be2 c5 31.Bf3 Qh6 32.Kh2 Bf6 33.Bd5 b6 34.Rxf7+ Ke8 35.Qd3 c4 36.Bxc4 Be5+
37.f4  1-0

[Event "ch-NOR"]
[Site "Oslo NOR"]
[Date "2011.07.08"]
[Round "7"]
[White "Groenn,A"]
[Black "Sahl,Bj"]
[Result "1-0"]
[WhiteElo "2409"]
[BlackElo "2363"]

1.Nf3 d5 2.d4 Nf6 3.c4 c6 4.Qc2 g6 5.Bf4 Bg7 6.e3 O-O 7.Bd3 dxc4 8.Qxc4 b5
9.Qb3 a6 10.O-O Nbd7 11.Rc1 Bb7 12.a4 Rc8 13.Nbd2 Nh5 14.Bg5 h6 15.Bxg6 hxg5
16.Bxh5 e6 17.Ne4 Nf6 18.Nxf6+ Bxf6 19.Rc5 Kg7 20.e4 Rh8 21.Bg4 Be7 22.Rac1 Rh6
23.R5c2 c5 24.d5 Qb6 25.axb5 axb5 26.Qe3 Qd6 27.Rd2 Qf4 28.Qxf4 gxf4 29.dxe6 Bxe4
30.exf7 Rch8 31.h3 Bxf3 32.Bxf3 Kxf7 33.Rd7 Ke8 34.Rb7 b4 35.Bd5 R8h7 36.Kf1 Bd6
37.Rb6 Rc7 38.Ke2 Rf6 39.Kf3 Ke7 40.Re1+ Kd7 41.Bc4 Rc8 42.Ra1 Kc7 43.Raa6 Rb8
44.Rc6+ Kd7 45.Rxc5 Bxc5 46.Rxf6  1-0

[Event "Myrhorod Open A"]
[Site "Myrhorod UKR"]
[Date "2011.07.09"]
[Round "1.15"]
[White "Guk,Ilja"]
[Black "Anatskiy,A"]
[Result "1/2-1/2"]
[WhiteElo "2280"]
[BlackElo "1998"]

1.d4 d5 2.c4 c6 3.Nf3 Nf6 4.Qc2 g6 5.Bf4 Bf5 6.Qb3 Qb6 7.c5 Qxb3 8.axb3 Nbd7
9.Nc3 a6 10.b4 Rc8 11.h3 Bg7 12.e3 O-O 13.Nd2 Ne4 14.Ndxe4 Bxe4 15.f3 Bf5
16.g4 Be6 17.Nb1 f6 18.Nd2 Bf7 19.Nb3 e5 20.Bg3 Rfe8 21.Kf2 exd4 22.exd4 Bh6
23.Bd3 Be3+ 24.Kg2 g5 25.Rhe1 Bg6 26.Bf5 Bxf5 27.gxf5 Bf4 28.Rxe8+ Rxe8 29.Re1 Rxe1
30.Bxe1 Bc7 31.Bg3 Bd8 32.Bd6 b6 33.Kg3 h5 34.Kf2 b5 35.Nc1 a5 36.bxa5 Bxa5
37.Nd3 Kf7 38.Ke2 Nf8 39.Nf2 Nh7 40.Nh1 Kg7 41.Ng3 Kh6 42.Nh1 Kg7 43.Nf2 Kf7
44.Nd3 Ke8 45.Nf2  1/2-1/2

[Event "Myrhorod Open A"]
[Site "Myrhorod UKR"]
[Date "2011.07.09"]
[Round "2.26"]
[White "Mulenko,A"]
[Black "Mamula,Sergey"]
[Result "1-0"]
[WhiteElo "2065"]
[BlackElo "1697"]

1.d4 d5 2.Nf3 c6 3.c4 Nf6 4.Nbd2 Bf5 5.Nh4 Bg6 6.Nxg6 hxg6 7.g3 e6 8.Bg2 Bb4
9.Qb3 Qa5 10.a3 Bxd2+ 11.Bxd2 Qb6 12.Qxb6 axb6 13.cxd5 cxd5 14.Rc1 Nc6 15.e3 Ra4
16.Bf1 Ra8 17.Bb5 Kd7 18.f3 Rh5 19.Kf2 Rah8 20.Kg2 Kd6 21.h4 e5 22.g4 Rxh4
23.Rxh4 Rxh4 24.Bxc6 bxc6 25.dxe5+ Kxe5 26.Rxc6 d4 27.exd4+ Kd5 28.Rxb6 Nd7
29.Rb7 Kc6 30.Ra7 Nb6 31.Rxf7 Rh7 32.Re7 Kd5 33.Bc3 Nc4 34.a4 g5 35.b3 Na3
36.Re5+ Kc6 37.Rc5+ Kb6 38.Ba5+ Kb7 39.Bb4 Nb1 40.Rc1  1-0

[Event "Lev Polugaevsky Mem"]
[Site "Samara RUS"]
[Date "2011.07.09"]
[Round "5"]
[White "Zaynutdinov,I"]
[Black "Hudyakov,S"]
[Result "0-1"]
[WhiteElo "1973"]
[BlackElo "2179"]

1.d4 d5 2.c4 c6 3.Nf3 Nf6 4.Qc2 g6 5.Nbd2 Bg7 6.b4 O-O 7.a4 Bf5 8.Qb3 dxc4
9.Nxc4 Be6 10.Qc2 Na6 11.Bd2 Qd5 12.e3 Ne4 13.Na5 Bf5 14.Qb2 c5 15.bxc5 Nexc5
16.Bc4 Nd3+ 17.Bxd3 Bxd3 18.Qxb7 Qf5 19.Nc6 Qg4 20.Ra3 Rab8 21.Nxb8 Rxb8
22.Qc6 Be4 23.Qxa6 Rb1+ 24.Ke2 Rxh1 25.Bb4 Bf8 26.Kd2 Qxg2 27.Ne5 Qg1 28.Nd3 Qb1
29.Qc4 Bxd3 30.Rxd3 Rd1+ 31.Ke2 Rxd3 32.Qxd3 Qxb4 33.Qa6 Qb6 34.Qxb6 axb6
35.Kd3 e6 36.Kc4 Be7 37.Kb5 Bd8 38.Kc6 f5 39.f3 Kf7 40.Kd7 Bf6 41.Kc7 f4
42.exf4 Bxd4  0-1

[Event "Lev Polugaevsky Mem"]
[Site "Samara RUS"]
[Date "2011.07.09"]
[Round "5"]
[White "Yaksin,O"]
[Black "Volkov,Sergey1"]
[Result "1/2-1/2"]
[WhiteElo "2414"]
[BlackElo "2607"]

1.d4 d5 2.c4 c6 3.Nf3 Nf6 4.Qb3 dxc4 5.Qxc4 Bf5 6.g3 e6 7.Bg2 Nbd7 8.O-O Be7
9.Nc3 O-O 10.Re1 Ne4 11.Qb3 Qb6 12.Nh4 Bxh4 13.gxh4 Nef6 14.Qxb6 axb6 15.e4 Bg6
16.Bf4 b5 17.Bd6 Rfe8 18.b3 Nb6 19.f3 Nfd7 20.Bf1 f5 21.a4 fxe4 22.fxe4 bxa4
23.bxa4 e5 24.dxe5 Nxe5 25.Bxe5 Rxe5 26.Reb1 Nc8 27.Rxb7 Nd6 28.Rb4 Kf8 29.Re1 Ke7
30.Rd4 Ra7 31.Red1 Nf7 32.Rc4 Nd8 33.Bh3 Bf7 34.Rb4 Ne6 35.Ne2 c5 36.Rb6 c4
37.Bxe6 Bxe6 38.Nc3 Rh5 39.Rdd6 Bd7 40.Nd5+ Kf7 41.a5 c3 42.Nxc3 Rhxa5 43.Kf2 Ra3
44.Rd3 Rc7 45.Rf3+ Ke8 46.Rb8+ Bc8 47.Nd5 Rc2+ 48.Kg3 Rxf3+ 49.Kxf3 Kf7 50.Ne3 Rc7
51.Kf4 Be6 52.Rb6 Rc5 53.Ng2 Rc2 54.Ne1 Rc5 55.Nf3 h6 56.Ne5+ Ke7 57.Nc6+ Ke8
58.Rb8+ Kf7 59.Ne5+ Kf6 60.Rf8+ Ke7 61.Ng6+ Kd7 62.Ra8 Rc7 63.Ra6 Bb3 64.Ne5+ Ke8
65.Rb6 Ba2 66.Rc6 Rb7 67.Rc8+ Ke7 68.Rc2 Be6 69.Nc6+ Ke8 70.Ke5 Bd7 71.Nd4 Ra7
72.Kf4 Ke7 73.Nf3 Be8 74.Ne5 Rb7 75.Ra2 Rc7 76.Ng4 Bf7 77.Ra6 Be6 78.Ne3 Rc5
79.Ra8 Rb5 80.Ra7+ Kf6 81.Ra6 g5+ 82.Kf3 Rb3 83.hxg5+ hxg5 84.Ra5 Kg6 85.Rc5 Ra3
86.Ke2 g4 87.Rc6 Kf7 88.Kd2 Ke7 89.Rc3 Ra8 90.Nf1 Rf8 91.Ke1 Kd6 92.Ng3 Ke5
93.Rc5+ Kd4 94.Rc6 Bc8 95.Rc2 Ba6 96.Ra2 Bd3 97.Ra4+ Ke3 98.Nf5+ Kf4 99.Rd4 Bb5
100.Rb4 Bd7 101.Kf2 Rh8 102.Kg1 Ra8 103.Ng3 Ra2 104.Nh5+ Ke5 105.Ng3 Be6
106.Rb1 Rc2 107.Rf1 Rb2 108.Rf2 Rb1+ 109.Rf1 Rb2 110.Rf2  1/2-1/2

[Event "St Pauli Open"]
[Site "Hamburg GER"]
[Date "2011.07.10"]
[Round "2.11"]
[White "Stigar,P"]
[Black "Steingraeber,Kai-Uwe"]
[Result "1-0"]
[WhiteElo "2298"]
[BlackElo "2104"]

1.Nf3 Nf6 2.c4 c6 3.d4 d5 4.Qc2 g6 5.Bf4 Bg7 6.e3 O-O 7.Nc3 Be6 8.Qb3 Qb6
9.c5 Qxb3 10.axb3 Nbd7 11.b4 Ne4 12.Bd3 Bf5 13.h3 h5 14.Rg1 Nxc3 15.Bxf5 gxf5
16.bxc3 Rfe8 17.g4 hxg4 18.hxg4 e5 19.dxe5 Nxe5 20.Bxe5 Bxe5 21.gxf5+ Kf8
22.Kd2 Bf6 23.Rg4 Ke7 24.Kd3 Rh8 25.Nd4 a6 26.Ke2 Rh5 27.Rag1 Rhh8 28.Kd3 Kd7
29.c4 Rh5 30.cxd5 cxd5 31.Rg8 Rxg8 32.Rxg8 Bxd4 33.Kxd4 Rxf5 34.f4 Kc7 35.Rh8 b6
36.Rh6 f6 37.Rh8 Rh5  1-0

[Event "5th LCT Open A"]
[Site "Leiden NED"]
[Date "2011.07.10"]
[Round "3"]
[White "Spirin,O"]
[Black "Mashinskaya,I"]
[Result "1-0"]
[WhiteElo "2491"]
[BlackElo "2333"]

1.d4 d5 2.Nf3 c6 3.c4 dxc4 4.e3 Be6 5.Nc3 b5 6.Be2 Nf6 7.O-O g6 8.Ng5 Bd7
9.b3 h6 10.Nge4 Nxe4 11.Nxe4 cxb3 12.axb3 Bg7 13.Bd2 O-O 14.Ba5 Qc8 15.Rc1 f5
16.Nc5 Na6 17.Bf3 Nxc5 18.Rxc5 Qa6 19.b4 Rac8 20.Qc2 Rfe8 21.Rd1 e6 22.e4 Kh7
23.e5 Bf8 24.Rc3 Be7 25.Rc1 Bg5 26.Ra1 Re7 27.g3 h5 28.h4 Bh6 29.Be2 Be8
30.f4 Rd7 31.Rd1 Bf8 32.Bf3 c5 33.dxc5 Rxd1+ 34.Bxd1 Bc6 35.Qd2 Be7 36.Bb3 Be8
37.Kh2 Kg7 38.Rd3 Qc6 39.Qe3 Kf8 40.Rd2 Bd7 41.Rd3 Ke8 42.Qd2 Qb7 43.Qa2 Kf7
44.Qd2 Ke8 45.Bd1 Bc6 46.Rd4 Bd5 47.Be2 Kf7 48.Qd1 Rh8 49.Qf1 Bc6 50.Qf2 Rc8
51.Bf1 Bd5 52.Qe2 Bc6 53.Qd3 Ke8 54.Be2 Kf7 55.Qd1 Rh8 56.Bd8 Rxd8 57.Rxd8 Bxd8
58.Qxd8 Qe7 59.Qd6 Qb7 60.Bf1 Qd7 61.Bg2 Qxd6 62.exd6 Bxg2 63.Kxg2 a5 64.bxa5 b4
65.d7 Ke7 66.a6 b3 67.a7  1-0

[Event "St Pauli Open"]
[Site "Hamburg GER"]
[Date "2011.07.11"]
[Round "4.26"]
[White "Hawranke,D"]
[Black "Dinckel,J"]
[Result "1/2-1/2"]
[WhiteElo "2139"]
[BlackElo "2045"]

1.d4 d5 2.Nf3 Nf6 3.c4 c6 4.Qc2 e6 5.Nbd2 Nbd7 6.e4 dxe4 7.Nxe4 e5 8.Bd3 Bb4+
9.Kf1 exd4 10.a3 Be7 11.Bg5  1/2-1/2

[Event "XXVI Tadeusza Gniota"]
[Site "Police POL"]
[Date "2011.07.11"]
[Round "7.5"]
[White "Grabarczyk,M"]
[Black "Tokarczyk,T"]
[Result "1/2-1/2"]
[WhiteElo "2459"]
[BlackElo "2199"]

1.d4 d5 2.c4 c6 3.Nf3 Nf6 4.Qc2 dxc4 5.Qxc4 Bg4 6.Nbd2 Nbd7 7.g3 e6 8.Bg2 Be7
9.O-O O-O 10.Qb3 Qb6 11.Nc4 Qa6 12.e3 Bf5 13.Rd1 Be4 14.Ncd2 Bd3 15.Re1 Ne4
16.Nxe4 Bxe4 17.Bf1 Qa5 18.Nd2 c5 19.Qc3 Qxc3 20.bxc3 Bc6 21.Nc4 cxd4 22.cxd4 Bb4
23.Bd2 Bxd2 24.Nxd2 Rac8 25.Rec1 Nb6 26.Nb3 Na4 27.Rc4 Bd7 28.Nc5 Nxc5 29.dxc5 Bb5
30.Rc3 Bxf1 31.Kxf1 Rc7 32.Rd1 Rfc8 33.Ra3 a6 34.Rb3 Kf8 35.Rd6 Ke7 36.Rdb6 Kf6
37.a4 Rxc5 38.Rxb7 Rc4 39.a5 Ra4 40.e4 Kg6 41.Rf3 f6 42.e5 Rxa5 43.exf6 gxf6
44.Rb6 Re8 45.Rd3 Re7 46.Rdd6 Kf7 47.Kg2 Ra2 48.Rxa6 Rxa6 49.Rxa6 h5 50.Ra2 Kg6
51.Re2 Kf5 52.Kh3 Ra7 53.Kh4 e5 54.Rb2 Kg6 55.Kh3 Ra4 56.Rb8 Ra2 57.Kg2 Rc2  1/2-1/2

[Event "Asian Zonal 3.1 Women"]
[Site "Sharjah UAE"]
[Date "2011.07.11"]
[Round "8"]
[White "Luojen,D"]
[Black "Al Zarouni,K"]
[Result "1/2-1/2"]
[WhiteElo "1882"]
[BlackElo "1853"]

1.d4 d5 2.c4 c6 3.Nf3 Nf6 4.Qc2 dxc4 5.Qxc4 Bf5 6.Bg5 Ne4 7.Bh4 Qa5+ 8.Nbd2 e6
9.a3 Qd5 10.Qxd5 cxd5 11.e3 Nxd2 12.Nxd2 a6 13.Bg3 Nc6 14.Be2 Be7 15.Nf3 O-O
16.O-O Rfc8 17.Rac1 Na5 18.Rc7 Bd8 19.Rxc8 Rxc8 20.b4 Nb3 21.Nh4 Nc1 22.Bd1 Bc2
23.Nf3 Bxd1 24.Rxd1 Ne2+ 25.Kf1 Nxg3+ 26.hxg3 f6 27.Ke2 Rc2+ 28.Rd2 Rxd2+
29.Kxd2 a5 30.b5 a4 31.Kd3 Ba5 32.Nd2 Kf7 33.Nb1 Be1 34.Ke2 Ba5 35.f3 Ke7
36.Kd3 Be1 37.g4 Bg3 38.Nc3 Bd6 39.Nxa4 Bxa3 40.Kc3  1/2-1/2

[Event "XX Adolf Anderssen Memorial Open"]
[Site "Wroclaw POL"]
[Date "2011.07.11"]
[Round "3"]
[White "Cyborowski,L"]
[Black "Borkowski,F"]
[Result "1-0"]
[WhiteElo "2537"]
[BlackElo "2325"]

1.Nf3 Nf6 2.c4 c6 3.d4 d5 4.Nbd2 g6 5.b3 Bg7 6.Bb2 O-O 7.e3 Nbd7 8.cxd5 Nxd5
9.e4 N5b6 10.a4 a5 11.Qc2 c5 12.d5 Bxb2 13.Qxb2 Nf6 14.Bc4 Nxc4 15.bxc4 Ra6
16.Rb1 Ne8 17.O-O e6 18.dxe6 Rxe6 19.e5 f5 20.Rfd1 Qe7 21.Nf1 Nc7 22.Ne3 Qe8
23.Nd5 Nxd5 24.cxd5 Re7 25.Qb6 Qxa4 26.Qxc5 Rfe8 27.e6 Bxe6 28.dxe6 Rxe6
29.Ra1 Qb3 30.Qxa5 Re2 31.h3 Qb2 32.Qd5+ Kf8 33.Rab1 Qg7 34.Rxb7  1-0

[Event "St Pauli Open"]
[Site "Hamburg GER"]
[Date "2011.07.12"]
[Round "5.7"]
[White "Kopylov,M"]
[Black "Henrich,H"]
[Result "1/2-1/2"]
[WhiteElo "2470"]
[BlackElo "2242"]

1.d4 d5 2.c4 c6 3.Nf3 Nf6 4.Qc2 g6 5.Bf4 Bg7 6.e3 O-O 7.Nc3 c5 8.dxc5 dxc4
9.Bxc4 Qa5 10.O-O Nc6 11.Nb5 Bf5 12.Qe2 Nh5 13.Bc7 Qb4 14.Nfd4 Nxd4 15.exd4 Be6
16.Bxe6 fxe6 17.Rad1 e5 18.g3 exd4 19.g4  1/2-1/2

[Event "3rd International Open"]
[Site "Rethymno GRE"]
[Date "2011.07.12"]
[Round "2"]
[White "Kekki,P"]
[Black "Festas,G"]
[Result "1-0"]
[WhiteElo "2340"]
[BlackElo "2060"]

1.d4 d5 2.Nf3 Nf6 3.c4 c6 4.Nbd2 Bf5 5.Nh4 Bg6 6.Qb3 Qb6 7.Qh3 Nbd7 8.Nxg6 fxg6
9.c5 Qc7 10.e3 b6 11.cxb6 axb6 12.Bd3 Kf7 13.Nf3 Qd6 14.O-O e5 15.e4 Re8
16.dxe5 Nxe5 17.Bf4 Nxf3+ 18.Qxf3 Qe6 19.exd5 Qxd5 20.Qh3 Bc5 21.Bc2 Qe6
22.Qf3 Nd5 23.Be3+ Qf6 24.Qxf6+ Kxf6 25.Bxc5 bxc5 26.Bb3 Re2 27.Rfc1 Rhe8
28.h4 Rxb2 29.Rxc5 Nb4 30.Rc4 Rb8 31.Re1 g5 32.hxg5+ Kxg5 33.Re5+ Kf6 34.f4 Rb6
35.Rce4 Nxa2 36.Re6+ Kf5 37.Bd1 h5 38.Bxh5 Rb1+ 39.Kh2 R6b2 40.Be2 Rxe2 41.Rxe2 Nc3
42.R2e5+ Kxf4 43.g3+ Kg4 44.Rg6+ Kf3 45.Rf5+ Ke4 46.Rf4+ Kd5 47.Rxg7 c5 48.g4 Ne4
49.g5 Ke5 50.Rf8 c4 51.Re7+ Kd4 52.Rf4 Re1 53.g6 c3 54.g7 c2 55.g8=Q Rh1+
56.Kxh1  1-0

[Event "XX Adolf Anderssen Memorial Final"]
[Site "Wroclaw POL"]
[Date "2011.07.12"]
[Round "2.1"]
[White "Markowski,T"]
[Black "Dobrowolski,P"]
[Result "1/2-1/2"]
[WhiteElo "2611"]
[BlackElo "2423"]

1.d4 d5 2.c4 c6 3.Nf3 Nf6 4.Qb3 g6 5.Nc3 Bg7 6.cxd5 cxd5 7.Bf4 Nc6 8.e3 O-O
9.Be2 Na5 10.Qb4 Nc6 11.Qb3 Na5 12.Qa3 Bg4 13.h3 Bxf3 14.Bxf3 e6 15.Be2 a6
16.O-O Re8 17.Rfc1 b5 18.b3 Bf8 19.Qb2 Rc8 20.a4 b4 21.Na2 Qb6 22.Rc2 Rxc2
23.Qxc2 Bd6 24.Bxd6 Qxd6 25.Rc1 Kg7 26.Qd3 Ra8 27.Rc5 Nb7 28.Rc2 Na5 29.Bf3 h5
30.h4 Ra7 31.g3 Ra8 32.Kg2 Ra7 33.Rc5 Nb7 34.Rc8 Na5 35.Qc2 Nd7 36.Nc1 Nb6
37.Rc5 Nb7 38.Nd3 Qd8 39.Nxb4 Nxc5 40.dxc5 Qc7 41.cxb6 Qxb6 42.Qc3+ Kh7 43.Nd3 Rc7
44.Qe5 Rc2 45.Qf4 Kg8 46.Ne5 Rc7 47.b4 Rb7 48.Nd3 Qc6 49.Nc5 Re7 50.Qd4 Re8
51.a5 Rb8 52.Nd3 Qc4 53.Be2 Rc8 54.Bf1 Qxd4 55.exd4 Rc4 56.Nc5 Rxb4 57.Bxa6 Rxd4
58.Bb7 Rc4 59.a6 Rxc5 60.a7 Ra5 61.a8=Q+ Rxa8 62.Bxa8 Kg7 63.Bc6 Kf6 64.Ba4 e5
65.Kf3 Ke6 66.Bb3 Kd6 67.Ke3 Kc5 68.Ba4 Kd6 69.Kd3 Ke6 70.Bb3 Kd6 71.Kc3 Kc5
72.Ba4 Kd6 73.Kb4 e4 74.Kc3 Ke5 75.Be8 d4+ 76.Kc4 e3 77.fxe3 dxe3 78.Kd3 g5
79.hxg5 Kf5 80.Bxf7 Kxg5 81.Kxe3 h4  1/2-1/2

[Event "St Pauli Open"]
[Site "Hamburg GER"]
[Date "2011.07.13"]
[Round "6.26"]
[White "Hawranke,D"]
[Black "Hartkopf,Uwe"]
[Result "1/2-1/2"]
[WhiteElo "2139"]
[BlackElo "2064"]

1.d4 d5 2.Nf3 Nf6 3.c4 c6 4.Nbd2 Bf5 5.Nh4 Be6 6.e3 g6 7.Bd3 Bg7 8.O-O O-O
9.f4 c5 10.f5 dxc4 11.Nxc4 Bd5 12.fxg6 hxg6 13.Ne5 Nbd7 14.Nhf3  1/2-1/2

[Event "St Pauli Open"]
[Site "Hamburg GER"]
[Date "2011.07.13"]
[Round "6.9"]
[White "Stigar,P"]
[Black "Stenner,P"]
[Result "1/2-1/2"]
[WhiteElo "2298"]
[BlackElo "2220"]

1.d4 d5 2.c4 c6 3.Nf3 Nf6 4.Qb3 dxc4 5.Qxc4 Bf5 6.g3 Qd5 7.Nbd2 Na6 8.Bg2 Qxc4
9.Nxc4 Nb4 10.Ne3 Be4 11.a3 Nbd5 12.Nc4 Nb6 13.Nce5 e6 14.O-O Nfd5 15.Rd1 Be7
16.Ne1 Bxg2 17.Kxg2 O-O 18.Bd2 c5 19.dxc5 Bxc5 20.N1d3 Be7 21.e4 Nf6 22.f3 Rac8
23.Rac1 Nfd7 24.Nxd7 Nxd7 25.Be3 a6 26.f4 Nf6 27.Kf3 Rfd8 28.Rxc8 Rxc8 29.Rc1 Rxc1
30.Nxc1 Nd7 31.Nb3 Bf6 32.e5 Bd8 33.Nc5 Nxc5 34.Bxc5 f5 35.exf6 gxf6 36.f5 Kf7
37.Ke4 Bc7 38.b3 exf5+ 39.Kxf5 Be5 40.a4 Bc3 41.g4 Bb2 42.h3 Ba1 43.Bb6 Bc3
44.h4 Be1 45.h5 Bc3 46.Be3 Bb2 47.Bd2 Ba3 48.b4 Bb2 49.b5 axb5 50.axb5 Ba3
51.Bc3 Be7 52.Bd4 Bd8 53.Bc5 Bc7 54.b6 Bg3 55.Bd4 Bh4 56.Be3 Be1 57.g5 fxg5
58.Kxg5 Bc3 59.Kf5 Bb2 60.Bc5  1/2-1/2

[Event "3rd International Open"]
[Site "Rethymno GRE"]
[Date "2011.07.13"]
[Round "4"]
[White "Rychagov,A"]
[Black "Kekki,P"]
[Result "1-0"]
[WhiteElo "2560"]
[BlackElo "2340"]

1.d4 d5 2.c4 c6 3.Nf3 dxc4 4.g3 Nf6 5.Bg2 b5 6.a4 Bb7 7.O-O e6 8.Ne5 a6 9.Nc3 Nd5
10.e4 Nxc3 11.bxc3 Nd7 12.Bf4 Be7 13.Qg4 Bf6 14.Rfd1 Nb6 15.a5 Na4 16.Nxc4 h5
17.Qf3 Be7 18.Ne5 Qxa5 19.Nxf7 O-O 20.Ne5 g5 21.Qxh5 gxf4 22.Qg6+ Kh8 23.Qh6+ Kg8
24.Qxe6+  1-0

[Event "ch-Central Serbia Int Open A"]
[Site "Paracin SRB"]
[Date "2011.07.14"]
[Round "8.38"]
[White "Miladinovic,L"]
[Black "Wilke,W"]
[Result "1/2-1/2"]
[WhiteElo "2074"]
[BlackElo "2198"]

1.d4 d5 2.Nf3 c6 3.c4 dxc4 4.e3 Be6 5.Be2 Nf6 6.O-O b5 7.a4 Bd5 8.b3 e6 9.bxc4 bxc4
10.Ne5 Nbd7 11.Nxc4 Be7 12.Ba3 O-O 13.Nc3 Rb8 14.Qc2 Bxa3 15.Rxa3 Qe7 16.Raa1 Rfc8
17.e4 Bxc4 18.Bxc4 Rb4 19.Ba6 Rcb8 20.e5 Ng4 21.h3 Nh6 22.Rfd1 Nf5 23.Ne2 R8b6
24.Bd3 Rb2 25.Qc4 g6 26.a5 R6b4 27.Qxc6 Nxd4 28.Nxd4 Rxd4 29.Bxg6 Rxd1+ 30.Rxd1 Nxe5
31.Qc8+ Kg7 32.Qc3 Qf6 33.Bc2 Rb5 34.a6 Rb6 35.Qg3+ Ng6 36.Bd3 Rb3 37.Qg4 Rb2
38.Qg3 Rb3 39.Qg4 Rc3 40.g3 Rc5 41.h4 h5 42.Qb4 Rd5 43.Qb3 Ra5 44.Bxg6 Kxg6
45.Qd3+ Kg7 46.Qe2 e5 47.Qxh5 Rxa6 48.Qg4+ Qg6 49.Qe2 Qf6 50.Rd5 Re6 51.Ra5 a6
52.Rc5 Qe7 53.Rc8 Qb7 54.Qg4+ Rg6 55.Qf5 Qd5 56.Re8 Qc5 57.Kh2 Rf6 58.Qg5+ Rg6
59.Qxe5+ Qxe5 60.Rxe5 Rb6 61.Ra5 f6 62.Kh3 Kg6 63.Kg4 Kh6 64.f4 Kg6 65.h5+ Kh6
66.Ra4 Rc6 67.Ra2 Rb6 68.Kf5 Kg7 69.g4 Rb5+ 70.Ke6 Rb6+ 71.Kf5 Rb5+ 72.Ke6 Rb6+
73.Kd5 Rb4 74.Rf2 Rb5+ 75.Ke6 Rb6+ 76.Kf5 Rb5+ 77.Ke4 Rb4+ 78.Kf3 Rb3+ 79.Kg2 Rb4
80.Kg3 a5 81.Kh4 a4 82.g5 a3 83.gxf6+ Kxf6 84.Ra2 Ra4 85.Kg4 Ra5 86.h6 Kg6
87.h7 Kxh7 88.f5 Kg7 89.Kf4 Kf6 90.Ke4 Rxf5  1/2-1/2

[Event "Najdorf Memorial"]
[Site "Warsaw POL"]
[Date "2011.07.14"]
[Round "1.36"]
[White "Goslawski,M"]
[Black "Stoma,P"]
[Result "1-0"]
[WhiteElo "2041"]
[BlackElo "2322"]

1.Nf3 d5 2.d4 Nf6 3.c4 c6 4.Qc2 dxc4 5.Qxc4 Bf5 6.g3 e6 7.Bg2 Be7 8.O-O Nbd7
9.Nc3 O-O 10.Re1 Ne4 11.Qb3 Nb6 12.Rd1 a5 13.a4 Nxc3 14.bxc3 Be4 15.c4 Bb4
16.Bd2 Qe7 17.Ne5 Bxg2 18.Kxg2 c5 19.Nd3 Rfd8 20.Bf4 Rac8 21.dxc5 Bxc5 22.Rab1 Rc6
23.e4 Bd4 24.c5 e5 25.Nxe5 Bxc5 26.Rbc1 g5 27.Qf3 Re8 28.Qg4 h6 29.h4 Nxa4
30.hxg5 Rg6 31.Rd7 Qe6 32.Qh5 Bf8 33.Rcc7 hxg5 34.Rxf7 Rg7 35.Rxg7+ Bxg7
36.Qxg5 Qf6 37.Qh5 Qe6 38.Qg5 Qf6 39.Qh5 Qe6 40.Rxb7 Nc5 41.Rb6 Qxb6 42.Qxe8+ Kh7
43.Qh5+ Kg8 44.Qf7+ Kh7 45.Be3 Qe6 46.Qh5+ Kg8 47.Bxc5 Bxe5 48.f4 Bg7 49.Qd5 Qxd5
50.exd5 Bb2 51.d6 Kf7 52.d7 Bf6  1-0

[Event "2nd SPI Open"]
[Site "Satu Mare ROU"]
[Date "2011.07.15"]
[Round "1"]
[White "Manolache,M"]
[Black "Sarivan,Ma"]
[Result "1-0"]
[WhiteElo "2533"]
[BlackElo "1893"]

1.d4 d5 2.c4 c6 3.Nf3 Nf6 4.Qc2 e6 5.Nc3 Be7 6.Bg5 O-O 7.e3 Nbd7 8.Be2 dxc4
9.e4 b5 10.O-O Bb7 11.Rad1 Re8 12.e5 Nd5 13.Ne4 f6 14.Bh4 Qb6 15.exf6 N7xf6
16.Rfe1 Nxe4 17.Qxe4 Bb4 18.Rf1 a5 19.Ne5 Qc7 20.Bh5 Rf8 21.Nf3 Nf4 22.Bg3 Rf6
23.Ng5 g6 24.Bf3 Re8 25.Qe5 Qxe5 26.dxe5 Rf5 27.Bxf4 Rxf4 28.Ne4 Be7 29.Rd7 Ba8
30.Nc3 Rf7 31.Rfd1 h5 32.Kf1 Kg7 33.Be4 g5 34.Ne2 Bc5 35.Ng3 Ree7 36.Rd8 Rxf2+
37.Ke1 Bb7 38.Nxh5+ Kf7 39.Rh8 Bb6 40.Nf6 Rxf6 41.Rh7+ Kf8 42.exf6 Rxh7 43.Bxh7 e5
44.Rd6 b4 45.Bg6 Bc8 46.Rxc6  1-0

[Event "Najdorf Memorial"]
[Site "Warsaw POL"]
[Date "2011.07.15"]
[Round "3"]
[White "Krasenkova,I"]
[Black "Starostits,I"]
[Result "0-1"]
[WhiteElo "2092"]
[BlackElo "2500"]

1.d4 d5 2.c4 dxc4 3.Nf3 c6 4.e3 Be6 5.Nc3 b5 6.a4 Qa5 7.Bd2 b4 8.Na2 c3 9.bxc3 Bxa2
10.Rxa2 bxc3 11.Bc1 e6 12.Qc2 Nf6 13.Bd3 Nbd7 14.O-O Bb4 15.Ba3 Rb8 16.Rc1 Nd5
17.e4 Bxa3 18.Rxa3 Rb2 19.Qd1 Qb4 20.exd5 Qxa3 21.dxe6 fxe6 22.Qe1 Kd8 23.Rxc3 Rb3
24.Rxc6 Rxd3 25.Qa5+ Nb6 26.Qg5+ Qe7 27.Qc1 Qa3 28.Qg5+ Qe7 29.Qc1 Rxf3 30.gxf3 Qd7
31.a5 Nc8 32.Qc5 Re8 33.a6 Re7 34.Qc2 Rf7 35.Kg2 Rf5 36.Rc4 Nb6 37.Rc5 Nd5
38.Qe4 h6 39.Rc1 Ke7 40.Re1 Kf6 41.h4 Qc6 42.Kh1 Qxa6 43.Rg1 Qa3 44.Kg2 Nf4+
45.Kg3 Qd6 46.Ra1 a5 47.Qa8 Ng6+ 48.Kh3 Qxd4  0-1

[Event "Krapina Open"]
[Site "Krapina CRO"]
[Date "2011.07.16"]
[Round "9.7"]
[White "Djodj,G"]
[Black "Turk,T"]
[Result "1-0"]
[WhiteElo "1883"]
[BlackElo "1895"]

1.d4 d5 2.Nf3 Nf6 3.c4 c6 4.Qb3 dxc4 5.Qxc4 Bf5 6.g3 e6 7.Bg2 Bd6 8.O-O O-O
9.Bg5 h6 10.Bxf6 Qxf6 11.Nc3 b5 12.Qb3 Bh7 13.Ne5 Bxe5 14.dxe5 Qxe5 15.Nxb5 Na6
16.Bxc6 Rab8 17.a4 Rb6 18.Bf3 Nc7 19.Qc3 Qxc3 20.bxc3 Nxb5 21.axb5 Rxb5 22.Rxa7 Rc8
23.Ra8 Rxa8 24.Bxa8 Rb2 25.Bf3 Rc2 26.Rd1 Kf8 27.Rd8+ Ke7 28.Rc8 e5 29.Rc7+ Kf8
30.Bd5 Bg6 31.e3 Ke8 32.c4 Kd8 33.Ra7 Ke8 34.h4 Rc3 35.g4 h5 36.g5 Rc1+ 37.Kg2 Rc2
38.Kg3 Rc1 39.f4 exf4+ 40.Kxf4 Rf1+ 41.Ke5 Rb1 42.Kd6 Rb6+ 43.Bc6+  1-0